Normal view
MARC view
Entry Topical Term
001 - CONTROL NUMBER
- control field: 52158
003 - CONTROL NUMBER IDENTIFIER
- control field: OSt
005 - DATE AND TIME OF LATEST TRANSACTION
- control field: 20250417154045.0
008 - FIXED-LENGTH DATA ELEMENTS
- fixed length control field: 250417|| aca||aabn | a|a d
040 ## - CATALOGING SOURCE
- Original cataloging agency: OSt
- Transcribing agency: OSt
150 ## - HEADING--TOPICAL TERM
- Topical term or geographic name entry element: Panchayat, Mediation act, Win-lose mode, Alternative dispute resolution, India.
670 ## - SOURCE DATA FOUND
- Source citation: Work cat.: (OSt): Singh, Deo Narayan and Roy, Rana Navneet 52157, Traditional village panchayat practices and formalized mediation processes: An assessment of mediation act, 2023
